Least Federally Dependent US States - Statistics

General Stats
  • This quiz has been taken 21 times
  • The average score is 12 of 15
Answer Stats
Dependency Score State % Correct
5.31 California
100%
18.02 Massachusetts
90%
18.08 Nevada
90%
5.08 New Jersey
90%
22.35 Oregon
90%
14.73 Washington
90%
20.77 Colorado
85%
12.81 Illinois
85%
7.88 Utah
85%
22.68 Delaware
80%
21.93 Wisconsin
80%
23.63 Minnesota
75%
16.18 Iowa
65%
24.50 Nebraska
60%
7.13 Kansas
55%
No matching quizzes found
Score Distribution
Percent of People with Each Score
Percentile by Number Answered
Your Score History
You have not taken this quiz